Upacara Pelancaran Rasmi Laporan Pasaran Harta 1992 : 18 Mac 1993

Bibliographic Details
Corporate Authors: Institut Penilaian Negara, Jabatan Penilaian dan Perkhidmatan Harta
Format: Book
Published: Kuala Lumpur : Ibu Pejabat JPPH , 1993
Subjects:

MARC

LEADER 00000cam a2200000 7i4500
001 0000021965
005 20080630.0
040 |a INS 
090 0 0 |a VCD 1413 
245 0 0 |a Upacara Pelancaran Rasmi Laporan Pasaran Harta 1992 :   |b 18 Mac 1993   |c oleh Yb Dato' Loke Yuen Yow (Tim. Menteri Kewangan) [  |h cakera video] 
260 |a Kuala Lumpur :   |b Ibu Pejabat JPPH ,   |c 1993 
300 |a 1 cakera video (25 min.) :   |b wrn., bny. ;   |c 4 3/4 in. ;   |c 1/2 in. 
500 |a Juga terdapat dalam format VHS 418 
650 0 0 |a Real property   |z Malaysia 
710 1 |a Institut Penilaian Negara 
710 1 |a Jabatan Penilaian dan Perkhidmatan Harta 
999 |a VCD0001413   |b VIDEO CD   |c Map Collection   |e Default branch